000 00763cam a22002653a 4500
001 14286
003 PGUSA
005 20140828083315.0
008 041207s2004||||xxu|||||s|||||000 p eng d
040 _aPGUSA
_beng
042 _adc
050 4 _aPA
100 1 _aHomer,
_d-750--650
245 1 0 _aL'Odyssée
_h[electronic resource] /
_cHomer
260 _bProject Gutenberg,
_c2004
506 _aPublic domain in the USA.
516 _aElectronic text
653 _aOdysseus (Greek mythology)
653 _aHomer -- Translations into French
653 _aEpic poetry, Greek -- Translations into French
700 1 _aLeconte de Lisle,
_d1818-1894
830 0 _aProject Gutenberg
_v14286
856 4 0 _uhttp://www.gutenberg.org/ebooks/14286
942 _cEB
999 _c243541
_d243541